000 00446 a2200133 4500
001 87796
082 _aPR 173
090 _c41257
_d41257
100 _aRizwan Afzal, Plt Off 15662, Obaid Ur Rehman, Plt Off 15653 71 EC
245 _aDesign and fabrication of two axes capable flight simulator for a generic light weight aircraft
260 _aRisalpur
_bNUST Risalpur
_c2011
300 _a83p.
_eBaber Saeed, Wg Cdr
500 _aBE Project Reports
942 _aCAE NUST
_kPR 173
999 _c322869
_d322869